[Event "11th PKWN Festival it"]
[Site "Lublin POL"]
[Date "1975.07.??"]
[Round "5"]
[White "Panchenko, Alexander"]
[WhiteElo "2435"]
[Black "Peev, Peicho"]
[BlackElo "2425"]
[Result "1-0"]
[EventDate "1975.07.15"]
[PlyCount "83"]

1.Nf3 Nf6 2.g3 g6 3.Bg2 Bg7 4.O-O O-O 5.c4 d6 6.d4 Nc6 7.d5 Na5 8.Nfd2 c5
9.Nc3 a6 10.Qc2 Rb8 11.b3 b5 12.Bb2 e5 13.dxe6 Bxe6 14.cxb5 axb5 15.Nde4
Nxe4 16.Nxe4 Bxb2 17.Qxb2 f5 18.Nc3 b4 19.Nd5 h6 20.Rad1 Bxd5 21.Rxd5 Nc6
22.Qd2 Nd4 23.Rxd4 cxd4 24.Qxh6 Kf7 25.Bd5+ Kf6 26.Rd1 Rh8 27.Qf4 Qb6 28.
h4 Rbe8 29.Bf3 Re6 30.Rxd4 Rb8 31.Rc4 Qa5 32.Qg5+ Kg7 33.h5 Rbe8 34.Qd2
Rb8 35.Qd4+ Kh6 36.hxg6 Kxg6 37.Qh4 Qd8 38.Qh5+ Kf6 39.Bd5 Re7 40.Qh4+ Kg6
41.g4 Rg7 42.Qh5+ 1-0

[Event "11th PKWN Festival it"]
[Site "Lublin POL"]
[Date "1975.07.??"]
[Round "5"]
[White "Stean, Michael Francis"]
[WhiteElo "2370"]
[Black "Lechtynsky, Jiri"]
[BlackElo "2410"]
[Result "1-0"]
[EventDate "1975.07.15"]
[PlyCount "117"]

1.e4 d6 2.d4 Nf6 3.Nc3 g6 4.Be3 Bg7 5.f3 c6 6.a4 a5 7.Qd2 h6 8.Nge2 Na6 9.
Nc1 Qb6 10.Be2 Nb4 11.Nd1 d5 12.c3 Na6 13.e5 Nd7 14.O-O Nf8 15.f4 h5 16.
Nf2 Bf5 17.Bf3 Qd8 18.g3 Qd7 19.Kg2 f6 20.h3 O-O-O 21.Qe2 g5 22.exf6 exf6
23.fxg5 Re8 24.Qd2 fxg5 25.Bxg5 Ne6 26.Be3 Bf6 27.Ne2 Qe7 28.Rae1 Ng5 29.
Ng1 Nxf3 30.Nxf3 Be4 31.Nxe4 dxe4 32.Ng1 Rhg8 33.Qf2 Bh4 34.Qf5+ Qe6 35.
Ne2 Bxg3 36.Nxg3 h4 37.Bg5 Qxf5 38.Rxf5 hxg3 39.Kxg3 Nc7 40.h4 Nd5 41.Re5
Rxe5 42.dxe5 Kd7 43.Rxe4 Ke6 44.Re2 Nb6 45.Kf4 Nxa4 46.Rd2 Nc5 47.Rd6+ Kf7
48.Kf5 Re8 49.Rf6+ Kg8 50.e6 a4 51.h5 Nd3 52.h6 Nc5 53.Be3 b6 54.Bxc5 bxc5
55.Kg6 Re7 56.Kf5 Rh7 57.Rf7 Rxf7+ 58.exf7+ Kxf7 59.Ke5 1-0

[Event "11th PKWN Festival it"]
[Site "Lublin POL"]
[Date "1975.07.??"]
[Round "6"]
[White "Barczay, Laszlo"]
[WhiteElo "2445"]
[Black "Bednarski, Jacek"]
[BlackElo "2425"]
[Result "1-0"]
[EventDate "1975.07.15"]
[PlyCount "67"]

1.c4 e5 2.g3 g6 3.Bg2 Bg7 4.Nc3 f5 5.e3 d6 6.Nge2 Nh6 7.O-O Nf7 8.d3 h5 9.
e4 h4 10.exf5 gxf5 11.d4 Nd7 12.dxe5 dxe5 13.Re1 c6 14.Nf4 hxg3 15.hxg3
Qf6 16.g4 Nf8 17.g5 Nxg5 18.Nh5 Rxh5 19.Qxh5+ Nf7 20.f4 e4 21.Bxe4 Kd8 22.
Bg2 Be6 23.Be3 Kc7 24.Qf3 Ng6 25.Nb5+ Kb8 26.Bf2 a6 27.Nd4 Bxc4 28.Re8+
Nd8 29.Rxd8+ Qxd8 30.Nxc6+ bxc6 31.Qxc6 Qe7 32.Qxa8+ Kc7 33.Qc6+ Kb8 34.
Qxc4 1-0

[Event "11th PKWN Festival it"]
[Site "Lublin POL"]
[Date "1975.07.??"]
[Round "6"]
[White "Hazai, Laszlo"]
[WhiteElo "2420"]
[Black "Kozlov, Vladimir"]
[BlackElo "2445"]
[Result "0-1"]
[EventDate "1975.07.15"]
[PlyCount "84"]

1.e4 c5 2.Nf3 Nc6 3.Bb5 d6 4.d4 cxd4 5.Qxd4 Bd7 6.Bxc6 Bxc6 7.c4 Nf6 8.Nc3
e6 9.O-O Be7 10.b4 b6 11.Bb2 O-O 12.Rfe1 Rc8 13.Rad1 Qc7 14.Nd2 Rfd8 15.f3
Bf8 16.Kh1 Nd7 17.Nf1 Ne5 18.Ne3 Be8 19.Nb5 Qb8 20.a3 Nxc4 21.Nxc4 Bxb5
22.Ne3 Qc7 23.Ng4 e5 24.Qf2 Bd7 25.Ne3 Be6 26.f4 f6 27.f5 Bb3 28.Rd3 Qf7
29.Qf3 Bc4 30.Rd2 a5 31.bxa5 bxa5 32.h3 Rc5 33.Rc1 Rb8 34.Nxc4 Rxc4 35.Re1
a4 36.Re3 Qc7 37.Bc3 Rb3 38.Bb4 Rcxb4 39.axb4 Qc1+ 40.Kh2 Qxd2 41.Rxb3
axb3 42.Qxb3+ d5 0-1

[Event "11th PKWN Festival it"]
[Site "Lublin POL"]
[Date "1975.07.??"]
[Round "6"]
[White "Lechtynsky, Jiri"]
[WhiteElo "2410"]
[Black "Panchenko, Alexander"]
[BlackElo "2435"]
[Result "0-1"]
[EventDate "1975.07.15"]
[PlyCount "104"]

1.d4 d5 2.Nf3 Nf6 3.c4 e6 4.Nc3 c6 5.e3 Nbd7 6.Qc2 Bd6 7.cxd5 exd5 8.Bd3
O-O 9.Bd2 c5 10.O-O c4 11.Be2 a6 12.b3 b5 13.bxc4 dxc4 14.e4 Bb4 15.Nxb5
Bxd2 16.Nd6 Bf4 17.e5 Nd5 18.Bxc4 N7b6 19.Bd3 g6 20.Rab1 Ra7 21.Rb3 Be6
22.Qc5 a5 23.Rfb1 Nb4 24.Ra3 Nxd3 25.Rxd3 Rc7 26.Qxa5 Nc4 27.Nxc4 Rxc4 28.
Qb5 Qd5 29.Qxd5 Bxd5 30.Re1 Rd8 31.g3 Bh6 32.Nd2 Bxd2 33.Rxd2 Be6 34.Ra1
Bd5 35.a4 Ra8 36.f4 Rcxa4 37.Rxa4 Rxa4 38.Kf2 h5 39.Ke3 Kf8 40.Rb2 Ra3+
41.Kd2 Ke7 42.Rb5 Be4 43.Rb4 Ke6 44.Rb6+ Kd5 45.Rf6 Kxd4 46.Rxf7 Ra2+ 47.
Kc1 Rc2+ 48.Kd1 Rxh2 49.e6 Ke3 50.Kc1 Rc2+ 51.Kb1 Rc6+ 52.Kb2 Rxe6 0-1

[Event "11th PKWN Festival it"]
[Site "Lublin POL"]
[Date "1975.07.??"]
[Round "6"]
[White "Maciejewski, Andrzej"]
[WhiteElo "2380"]
[Black "Stean, Michael Francis"]
[BlackElo "2370"]
[Result "1-0"]
[EventDate "1975.07.15"]
[PlyCount "54"]

1.e4 c5 2.c3 e6 3.d4 d5 4.e5 Nc6 5.Nf3 Qb6 6.Bd3 cxd4 7.cxd4 Bd7 8.O-O
Nxd4 9.Nxd4 Qxd4 10.Nc3 Qxe5 11.Re1 Qb8 12.Nxd5 Bd6 13.Qh5 Kf8 14.Nc3 Nf6
15.Qh4 Bc6 16.Bg5 Nd5 17.Nxd5 Bxd5 18.Be4 Bxe4 19.Rxe4 h6 20.Rd1 Bxh2+ 21.
Kh1 Bc7 22.Rd7 Kg8 23.Bd2 Bd8 24.Qh5 g6 25.Qb5 Rh7 26.Bf4 Qc8 27.Rc4 Bg5
1-0

[Event "11th PKWN Festival it"]
[Site "Lublin POL"]
[Date "1975.07.??"]
[Round "6"]
[White "Ogaard, Leif"]
[WhiteElo "2460"]
[Black "Garcia Martinez, Silvino"]
[BlackElo "2445"]
[Result "1/2-1/2"]
[EventDate "1975.07.15"]
[PlyCount "61"]

1.c4 g6 2.e4 c5 3.Nf3 Nc6 4.d4 cxd4 5.Nxd4 Nf6 6.Nc3 d6 7.Be2 Nxd4 8.Qxd4
Bg7 9.O-O O-O 10.Qe3 a6 11.Bd2 Bd7 12.Rac1 b5 13.b3 bxc4 14.Bxc4 Ng4 15.
Qe2 Ne5 16.Bd5 Nc6 17.Rfd1 a5 18.Be3 Rc8 19.Bc4 Bxc3 20.Rxc3 Ne5 21.Rdc1
Nxc4 22.bxc4 Re8 23.c5 dxc5 24.Bxc5 Rc6 25.Qe3 Qc7 26.Qg5 Qb7 27.h4 Be6
28.a3 Rec8 29.Qe5 Qb8 30.Qg5 Qb7 31.Qe5 1/2-1/2

[Event "11th PKWN Festival it"]
[Site "Lublin POL"]
[Date "1975.07.??"]
[Round "6"]
[White "Peev, Peicho"]
[WhiteElo "2425"]
[Black "Kaplan, Julio"]
[BlackElo "2445"]
[Result "1-0"]
[EventDate "1975.07.15"]
[PlyCount "75"]

1.d4 Nf6 2.c4 e6 3.Nf3 b6 4.g3 Bb7 5.Bg2 c5 6.d5 exd5 7.Nh4 Be7 8.cxd5 d6
9.O-O O-O 10.e4 Re8 11.Nc3 Bf8 12.Re1 Nbd7 13.f4 a6 14.Nf3 c4 15.e5 dxe5
16.fxe5 Bc5+ 17.Be3 Bxe3+ 18.Rxe3 Ng4 19.Re2 Ndxe5 20.Nxe5 Nxe5 21.Qd4 f6
22.a4 Rc8 23.Rf1 Rc6 24.Qh4 Rd6 25.Be4 g6 26.Bg2 Nd7 27.Qxc4 Rxe2 28.Qxe2
f5 29.Re1 Nf6 30.Qe5 Kf7 31.h3 Kf8 32.g4 fxg4 33.hxg4 h6 34.Ne4 Nxe4 35.
Qh8+ Kf7 36.Qh7+ Kf6 37.Bxe4 Bxd5 38.Qxg6+ 1-0

[Event "11th PKWN Festival it"]
[Site "Lublin POL"]
[Date "1975.07.??"]
[Round "6"]
[White "Szymczak, Zbigniew"]
[WhiteElo "2390"]
[Black "Espig, Lutz"]
[BlackElo "2490"]
[Result "1/2-1/2"]
[EventDate "1975.07.15"]
[PlyCount "33"]

1.Nf3 c5 2.c4 g6 3.d4 cxd4 4.Nxd4 Nc6 5.e4 Bg7 6.Be3 Nf6 7.Nc3 Ng4 8.Qxg4
Nxd4 9.Qd1 e5 10.Nb5 O-O 11.Qd2 Qh4 12.Bd3 d5 13.exd5 Bh3 14.O-O Bxg2 15.
Kxg2 Qg4+ 16.Kh1 Qf3+ 17.Kg1 1/2-1/2

[Event "11th PKWN Festival it"]
[Site "Lublin POL"]
[Date "1975.07.??"]
[Round "7"]
[White "Bednarski, Jacek"]
[WhiteElo "2425"]
[Black "Hazai, Laszlo"]
[BlackElo "2420"]
[Result "1/2-1/2"]
[EventDate "1975.07.15"]
[PlyCount "46"]

1.e4 Nf6 2.e5 Nd5 3.d4 d6 4.c4 Nb6 5.exd6 cxd6 6.Nf3 g6 7.h3 Bg7 8.Nc3 O-O
9.Be3 Nc6 10.Rc1 Bf5 11.d5 Ne5 12.Nxe5 Bxe5 13.Be2 Rc8 14.b3 e6 15.dxe6
fxe6 16.g4 Bxc3+ 17.Rxc3 Be4 18.O-O Nd5 19.cxd5 Rxc3 20.dxe6 d5 21.Qd4 Qh4
22.e7 Re8 23.Qxc3 Qxh3 1/2-1/2

[Event "11th PKWN Festival it"]
[Site "Lublin POL"]
[Date "1975.07.??"]
[Round "7"]
[White "Espig, Lutz"]
[WhiteElo "2490"]
[Black "Ogaard, Leif"]
[BlackElo "2460"]
[Result "1/2-1/2"]
[EventDate "1975.07.15"]
[PlyCount "48"]

1.Nf3 Nf6 2.c4 b6 3.g3 Bb7 4.Bg2 c5 5.O-O g6 6.Nc3 Bg7 7.d4 Ne4 8.Nd5 e6
9.Nf4 d5 10.cxd5 exd5 11.dxc5 bxc5 12.Nd2 O-O 13.Nxd5 Nxg3 14.hxg3 Bxd5
15.Ne4 Bc6 16.Qxd8 Rxd8 17.Nxc5 Bxg2 18.Kxg2 Rc8 19.Nd3 Rc2 20.Re1 Nc6 21.
Rb1 a5 22.a3 Nd4 23.b4 Nxe2 24.bxa5 Nxc1 1/2-1/2

[Event "11th PKWN Festival it"]
[Site "Lublin POL"]
[Date "1975.07.??"]
[Round "7"]
[White "Garcia Martinez, Silvino"]
[WhiteElo "2445"]
[Black "Barczay, Laszlo"]
[BlackElo "2445"]
[Result "1/2-1/2"]
[EventDate "1975.07.15"]
[PlyCount "43"]

1.e4 c5 2.Nf3 d6 3.d4 Nf6 4.Nc3 cxd4 5.Nxd4 g6 6.f3 Bg7 7.Be3 Nc6 8.Qd2
O-O 9.Bc4 Bd7 10.Bb3 Ne5 11.O-O-O Rc8 12.h4 h5 13.Bg5 a5 14.a4 Rc5 15.Kb1
Qe8 16.Rhe1 Nh7 17.Be3 Nc4 18.Bxc4 Rxc4 19.b3 Rc8 20.Ndb5 Nf6 21.Bb6 Be6
22.Bxa5 1/2-1/2

[Event "11th PKWN Festival it"]
[Site "Lublin POL"]
[Date "1975.07.??"]
[Round "7"]
[White "Kaplan, Julio"]
[WhiteElo "2445"]
[Black "Lechtynsky, Jiri"]
[BlackElo "2410"]
[Result "1/2-1/2"]
[EventDate "1975.07.15"]
[PlyCount "63"]

1.e4 c5 2.Nf3 d6 3.d4 cxd4 4.Nxd4 Nf6 5.Nc3 a6 6.Be2 g6 7.Be3 Bg7 8.Qd2
Nc6 9.O-O-O O-O 10.h4 Nxd4 11.Bxd4 Be6 12.Kb1 Rc8 13.h5 Qc7 14.g4 b5 15.
Bf3 b4 16.Nd5 Nxd5 17.exd5 Bxd4 18.dxe6 fxe6 19.Be4 Bg7 20.hxg6 d5 21.Bd3
Qe5 22.Qc1 hxg6 23.Rde1 Qf6 24.g5 Qd4 25.Rxe6 Rxf2 26.Rxe7 a5 27.Rd1 Qc5
28.Qe3 Qxe3 29.Rxe3 Rg2 30.Bxg6 Rxg5 31.Re8+ Rxe8 32.Bxe8 1/2-1/2

[Event "11th PKWN Festival it"]
[Site "Lublin POL"]
[Date "1975.07.??"]
[Round "7"]
[White "Kozlov, Vladimir"]
[WhiteElo "2445"]
[Black "Peev, Peicho"]
[BlackElo "2425"]
[Result "1-0"]
[EventDate "1975.07.15"]
[PlyCount "67"]

1.e4 d6 2.d4 Nf6 3.Nc3 g6 4.f4 Bg7 5.Nf3 c5 6.Bb5+ Bd7 7.e5 Ng4 8.Bxd7+
Qxd7 9.d5 Na6 10.h3 Nh6 11.g4 O-O-O 12.Be3 e6 13.Qe2 exd5 14.Nxd5 Rhe8 15.
O-O-O Qc6 16.Rd2 dxe5 17.Rhd1 Ng8 18.Nxe5 Bxe5 19.fxe5 Nc7 20.Nxc7 Rxd2
21.Qxd2 Qxc7 22.Bxc5 Ne7 23.Bxa7 Nc6 24.Bb6 Qe7 25.Qd6 Qxd6 26.exd6 Kd7
27.Rf1 Rf8 28.Rf6 Ne5 29.b3 Kc6 30.d7+ Kxd7 31.Bd4 Nc6 32.Bc5 Rc8 33.Rxf7+
Ke6 34.Rxb7 1-0

[Event "11th PKWN Festival it"]
[Site "Lublin POL"]
[Date "1975.07.??"]
[Round "7"]
[White "Panchenko, Alexander"]
[WhiteElo "2435"]
[Black "Maciejewski, Andrzej"]
[BlackElo "2380"]
[Result "1/2-1/2"]
[EventDate "1975.07.15"]
[PlyCount "84"]

1.e4 g6 2.d4 c6 3.Nf3 Bg7 4.c3 d6 5.Bd3 Nf6 6.O-O O-O 7.Re1 Nbd7 8.a4 e5
9.Na3 Qe7 10.Bc2 Re8 11.h3 b6 12.Bb3 Nf8 13.Ng5 Ne6 14.d5 Nxg5 15.Bxg5 c5
16.a5 Bd7 17.Ba4 Reb8 18.axb6 axb6 19.Bxd7 Qxd7 20.Bxf6 Bxf6 21.c4 Ra5 22.
Nb5 Rc8 23.Rxa5 bxa5 24.Re3 Rf8 25.Qa4 Bd8 26.Nc3 Qxa4 27.Nxa4 f5 28.exf5
gxf5 29.Nc3 Kf7 30.Nb5 Be7 31.Kf1 Kf6 32.Ra3 Ra8 33.Ke2 Bf8 34.g4 fxg4 35.
hxg4 Kg5 36.Rh3 h6 37.f3 Be7 38.Rh5+ Kg6 39.Rf5 Rd8 40.f4 exf4 41.Rxf4 Bf6
42.b3 Be5 1/2-1/2

[Event "11th PKWN Festival it"]
[Site "Lublin POL"]
[Date "1975.07.??"]
[Round "7"]
[White "Stean, Michael Francis"]
[WhiteElo "2370"]
[Black "Szymczak, Zbigniew"]
[BlackElo "2390"]
[Result "1/2-1/2"]
[EventDate "1975.07.15"]
[PlyCount "27"]

1.e4 d6 2.d4 Nf6 3.Nc3 g6 4.Nf3 Bg7 5.Be2 O-O 6.O-O c6 7.a4 Qc7 8.Bg5 e5
9.Qd2 Bg4 10.Rfd1 Nbd7 11.Qe3 Ne8 12.dxe5 dxe5 13.h3 Be6 14.Nd2 1/2-1/2

[Event "11th PKWN Festival it"]
[Site "Lublin POL"]
[Date "1975.07.??"]
[Round "8"]
[White "Barczay, Laszlo"]
[WhiteElo "2445"]
[Black "Espig, Lutz"]
[BlackElo "2490"]
[Result "1/2-1/2"]
[EventDate "1975.07.15"]
[PlyCount "53"]

1.c4 e6 2.g3 d5 3.Nf3 Nf6 4.Bg2 Be7 5.O-O O-O 6.b3 c5 7.Bb2 Nc6 8.e3 b6 9.
Nc3 Bb7 10.cxd5 exd5 11.d4 Re8 12.Rc1 cxd4 13.Nxd4 Nxd4 14.Qxd4 Bc5 15.Qd3
Ne4 16.Na4 Bf8 17.Bd4 Rc8 18.Bh3 Rxc1 19.Rxc1 Ng5 20.Bg2 Qd7 21.h4 Ne4 22.
Qf1 Qf5 23.Bh3 Qg6 24.Qe2 h5 25.Qf3 Nd2 26.Qe2 Ne4 27.Qf3 1/2-1/2

[Event "11th PKWN Festival it"]
[Site "Lublin POL"]
[Date "1975.07.??"]
[Round "8"]
[White "Bednarski, Jacek"]
[WhiteElo "2425"]
[Black "Garcia Martinez, Silvino"]
[BlackElo "2445"]
[Result "1/2-1/2"]
[EventDate "1975.07.15"]
[PlyCount "20"]

1.e4 c5 2.Nf3 d6 3.d4 cxd4 4.Qxd4 a6 5.c4 Nc6 6.Qd2 Nf6 7.Nc3 g6 8.b3 Bg7
9.Bb2 Rb8 10.Bd3 Bg4 1/2-1/2

[Event "11th PKWN Festival it"]
[Site "Lublin POL"]
[Date "1975.07.??"]
[Round "8"]
[White "Hazai, Laszlo"]
[WhiteElo "2420"]
[Black "Peev, Peicho"]
[BlackElo "2425"]
[Result "1-0"]
[EventDate "1975.07.15"]
[PlyCount "61"]

1.e4 c5 2.d3 e6 3.g3 d5 4.Nd2 Bd6 5.Bg2 Ne7 6.f4 Nbc6 7.Ngf3 O-O 8.O-O b5
9.c4 Ba6 10.b3 Rb8 11.Kh1 Nb4 12.Ne1 bxc4 13.dxc4 Bc7 14.Bb2 dxc4 15.Qg4
Ng6 16.Nxc4 Bxc4 17.bxc4 Qd2 18.Rb1 Nxa2 19.Nf3 Qc2 20.f5 Bd8 21.fxg6 hxg6
22.Ne5 Rxb2 23.Rxb2 Qxb2 24.Nxg6 Re8 25.e5 Nb4 26.Qh5 f5 27.g4 Qd2 28.gxf5
Qh6 29.f6 Rf8 30.Qxh6 gxh6 31.Bh3 1-0

[Event "11th PKWN Festival it"]
[Site "Lublin POL"]
[Date "1975.07.??"]
[Round "8"]
[White "Lechtynsky, Jiri"]
[WhiteElo "2410"]
[Black "Kozlov, Vladimir"]
[BlackElo "2445"]
[Result "1/2-1/2"]
[EventDate "1975.07.15"]
[PlyCount "91"]

1.e4 c5 2.Nc3 Nc6 3.Nge2 d6 4.d4 cxd4 5.Nxd4 Nf6 6.Bg5 Qb6 7.Nb3 e6 8.Be2
Be7 9.Qd2 O-O 10.g4 d5 11.exd5 Nxd5 12.Nxd5 exd5 13.Be3 d4 14.Bxd4 Nxd4
15.Qxd4 Qh6 16.c3 Rd8 17.Qe4 Be6 18.Rd1 Rxd1+ 19.Bxd1 Rd8 20.Nd4 Bh4 21.
O-O Bd5 22.Qe3 Qxe3 23.fxe3 Bg5 24.Re1 Re8 25.Bf3 Rxe3 26.Kf2 Bxf3 27.Nxf3
Rxe1 28.Kxe1 Bf4 29.Ke2 g6 30.Kd3 f5 31.h3 Kf7 32.b4 Kf6 33.Kd4 fxg4 34.
hxg4 h5 35.gxh5 gxh5 36.Ke4 Bg3 37.c4 h4 38.Ng1 Kg5 39.Nf3+ Kf6 40.Ng1 Be1
41.a3 Ke6 42.Nf3 Bg3 43.Nd4+ Kd7 44.Kf3 Be5 45.Nb3 h3 46.b5 1/2-1/2

[Event "11th PKWN Festival it"]
[Site "Lublin POL"]
[Date "1975.07.??"]
[Round "8"]
[White "Maciejewski, Andrzej"]
[WhiteElo "2380"]
[Black "Kaplan, Julio"]
[BlackElo "2445"]
[Result "1-0"]
[EventDate "1975.07.15"]
[PlyCount "57"]

1.e4 g6 2.d4 d6 3.Bc4 Nf6 4.Qe2 Nc6 5.Nf3 Bg4 6.c3 Bg7 7.Nbd2 e5 8.h3 Bd7
9.O-O O-O 10.Re1 Re8 11.Qd1 Rb8 12.Bd3 h6 13.Nf1 b5 14.Ng3 b4 15.Be3 bxc3
16.bxc3 exd4 17.cxd4 Nb4 18.Bb1 Qc8 19.Qd2 Kh7 20.a3 Na6 21.Rc1 Qd8 22.Qa5
c5 23.Qd2 Rc8 24.Ba2 Be6 25.Bxe6 Rxe6 26.Qd3 d5 27.e5 Nd7 28.Ne2 Re8 29.
Qxa6 1-0

[Event "11th PKWN Festival it"]
[Site "Lublin POL"]
[Date "1975.07.??"]
[Round "8"]
[White "Ogaard, Leif"]
[WhiteElo "2460"]
[Black "Stean, Michael Francis"]
[BlackElo "2370"]
[Result "1/2-1/2"]
[EventDate "1975.07.15"]
[PlyCount "36"]

1.Nf3 g6 2.d4 Nf6 3.c4 Bg7 4.g3 d5 5.cxd5 Nxd5 6.Bg2 Nb6 7.Nc3 Nc6 8.e3 e5
9.d5 Ne7 10.e4 c6 11.Ng1 cxd5 12.exd5 O-O 13.Nge2 Bf5 14.O-O Qd7 15.Qb3
Bd3 16.Rd1 Bc4 17.Qb4 Nf5 18.b3 Bxe2 1/2-1/2

[Event "11th PKWN Festival it"]
[Site "Lublin POL"]
[Date "1975.07.??"]
[Round "8"]
[White "Szymczak, Zbigniew"]
[WhiteElo "2390"]
[Black "Panchenko, Alexander"]
[BlackElo "2435"]
[Result "1/2-1/2"]
[EventDate "1975.07.15"]
[PlyCount "71"]

1.Nf3 Nf6 2.c4 e6 3.g3 a6 4.Bg2 b5 5.b3 Bb7 6.O-O c5 7.Bb2 Be7 8.e3 Qb6 9.
d3 O-O 10.Qe2 Nc6 11.Rd1 Rfd8 12.Nc3 d5 13.cxd5 exd5 14.d4 c4 15.bxc4 dxc4
16.Ne5 Na5 17.Rab1 Bxg2 18.Kxg2 Qb7+ 19.Kg1 Rab8 20.Bc1 Ne4 21.Nxe4 Qxe4
22.Bd2 Nc6 23.Nxc6 Qxc6 24.Qe1 Qe4 25.Bb4 Bxb4 26.Qxb4 h5 27.h4 Rd5 28.
Rbc1 Rc8 29.Qb1 Qg4 30.e4 Rd6 31.d5 Re8 32.Re1 Re5 33.Rxc4 bxc4 34.Qb8+
Kh7 35.Qxd6 Rxe4 36.Rxe4 1/2-1/2

[Event "11th PKWN Festival it"]
[Site "Lublin POL"]
[Date "1975.07.??"]
[Round "9"]
[White "Espig, Lutz"]
[WhiteElo "2490"]
[Black "Bednarski, Jacek"]
[BlackElo "2425"]
[Result "1-0"]
[EventDate "1975.07.15"]
[PlyCount "93"]

1.Nf3 d5 2.c4 c6 3.d4 e6 4.g3 Nf6 5.Bg2 b5 6.c5 a5 7.O-O g6 8.Nbd2 Bg7 9.
Qc2 O-O 10.e4 b4 11.Re1 a4 12.e5 Nfd7 13.Nf1 Qa5 14.Bd2 Qb5 15.Ne3 Na6 16.
b3 a3 17.Ng4 Nc7 18.Bf4 Ra7 19.Qd2 Ne8 20.Bh6 f5 21.exf6 Ndxf6 22.Bxg7
Nxg7 23.Nh6+ Kh8 24.Ne5 Nf5 25.g4 Nxh6 26.Qxh6 Kg8 27.Re3 Rg7 28.Rae1 Nd7
29.Nxc6 Nxc5 30.Bxd5 Nd3 31.Bc4 Qxc6 32.Rxd3 Qd6 33.Re5 Rgf7 34.Qd2 Rf4
35.h3 Rxd4 36.Rxe6 Bxe6 37.Rxd4 Qe5 38.Bxe6+ Qxe6 39.Rxb4 Qc6 40.Ra4 Qf3
41.Rxa3 Qxh3 42.Qd5+ Kh8 43.Qd4+ Kg8 44.Ra7 Qh6 45.Qd5+ Kh8 46.Qe5+ Kg8
47.g5 1-0

[Event "11th PKWN Festival it"]
[Site "Lublin POL"]
[Date "1975.07.??"]
[Round "9"]
[White "Garcia Martinez, Silvino"]
[WhiteElo "2445"]
[Black "Hazai, Laszlo"]
[BlackElo "2420"]
[Result "1/2-1/2"]
[EventDate "1975.07.15"]
[PlyCount "32"]

1.e4 Nf6 2.e5 Nd5 3.d4 d6 4.Nf3 g6 5.Bc4 Nb6 6.Bb3 Bg7 7.O-O O-O 8.h3 Nc6
9.Bf4 Na5 10.Qc1 Nxb3 11.axb3 f6 12.exd6 cxd6 13.c4 e5 14.Be3 e4 15.Ne1 f5
16.Nc3 Be6 1/2-1/2

[Event "11th PKWN Festival it"]
[Site "Lublin POL"]
[Date "1975.07.??"]
[Round "9"]
[White "Kaplan, Julio"]
[WhiteElo "2445"]
[Black "Szymczak, Zbigniew"]
[BlackElo "2390"]
[Result "0-1"]
[EventDate "1975.07.15"]
[PlyCount "90"]

1.d4 Nf6 2.c4 g6 3.Nc3 d5 4.cxd5 Nxd5 5.e4 Nxc3 6.bxc3 Bg7 7.Bc4 c5 8.Ne2
Nc6 9.Be3 O-O 10.O-O Qc7 11.Rc1 Rd8 12.Qd2 Qa5 13.Rfd1 Bd7 14.Bh6 cxd4 15.
Bxg7 Kxg7 16.Qf4 dxc3 17.Qxf7+ Kh8 18.Rd5 Qb4 19.Nf4 Qxc4 20.Nxg6+ hxg6
21.Rh5+ gxh5 22.Qxc4 e5 23.Qxc3 Nd4 24.Qe3 Kh7 25.h3 Bc6 26.Rc5 Re8 27.Kh2
b6 28.Rc4 Rg8 29.f4 Bd7 30.Rc7 Rg7 31.f5 Nb5 32.Rc2 Rf8 33.g4 Rfg8 34.Rg2
Rg5 35.f6 Be6 36.Rf2 Nd6 37.Rf5 Bxf5 38.exf5 Nf7 39.Qb3 Rf8 40.Qa3 Kg8 41.
Qxa7 hxg4 42.hxg4 Rxg4 43.Qxb6 Kh8 44.Qb3 Nh6 45.Qe3 Rf7 0-1

[Event "11th PKWN Festival it"]
[Site "Lublin POL"]
[Date "1975.07.??"]
[Round "9"]
[White "Kozlov, Vladimir"]
[WhiteElo "2445"]
[Black "Maciejewski, Andrzej"]
[BlackElo "2380"]
[Result "1-0"]
[EventDate "1975.07.15"]
[PlyCount "69"]

1.e4 g6 2.d4 c6 3.Nc3 Bg7 4.f4 d5 5.e5 h5 6.Nf3 Nh6 7.Be3 Bg4 8.Be2 Nd7 9.
Bf2 e6 10.h3 Bxf3 11.Bxf3 h4 12.Qd2 Bf8 13.O-O Be7 14.b3 O-O 15.Na4 b5 16.
Nb2 Nf5 17.Bg4 Kg7 18.Nd3 Qb6 19.c4 Qa6 20.cxd5 cxd5 21.Rfc1 Rfc8 22.Ne1
Qa3 23.Bxf5 exf5 24.Nf3 Bb4 25.Qe3 Qb2 26.Bxh4 Rc3 27.Rxc3 Bxc3 28.Rd1 Nf8
29.Bf6+ Kg8 30.Ng5 Qc2 31.Rd3 Re8 32.Kh2 Ne6 33.Nxe6 fxe6 34.Qg3 Kf7 35.
Qh4 1-0

[Event "11th PKWN Festival it"]
[Site "Lublin POL"]
[Date "1975.07.??"]
[Round "9"]
[White "Panchenko, Alexander"]
[WhiteElo "2435"]
[Black "Ogaard, Leif"]
[BlackElo "2460"]
[Result "0-1"]
[EventDate "1975.07.15"]
[PlyCount "80"]

1.e4 c5 2.Nf3 e6 3.d4 cxd4 4.Nxd4 Nc6 5.Nc3 a6 6.Be2 Qc7 7.O-O Nf6 8.Be3
Bb4 9.Na4 O-O 10.Nxc6 bxc6 11.c4 Be7 12.Qc2 c5 13.f4 d6 14.Bf3 Bb7 15.Nc3
Rad8 16.Rad1 Rfe8 17.Qf2 Nd7 18.g4 Nb8 19.g5 Nc6 20.Bg2 Bf8 21.h4 g6 22.h5
Bg7 23.f5 Bxc3 24.hxg6 fxg6 25.bxc3 exf5 26.exf5 Ne5 27.f6 Bxg2 28.Qxg2
Qf7 29.Qd5 Nxc4 30.Bf4 Ne3 31.Bxe3 Rxe3 32.Qg2 Qe6 33.Rf3 d5 34.Rxe3 Qxe3+
35.Kh1 d4 36.cxd4 cxd4 37.Rf1 d3 38.Qg4 Qe2 39.f7+ Kf8 40.Qb4+ Qe7 0-1

[Event "11th PKWN Festival it"]
[Site "Lublin POL"]
[Date "1975.07.??"]
[Round "9"]
[White "Peev, Peicho"]
[WhiteElo "2425"]
[Black "Lechtynsky, Jiri"]
[BlackElo "2410"]
[Result "0-1"]
[EventDate "1975.07.15"]
[PlyCount "52"]

1.d4 Nf6 2.c4 e6 3.Nf3 c5 4.d5 exd5 5.cxd5 d6 6.Nc3 g6 7.Nd2 Nbd7 8.e4 Bg7
9.Be2 O-O 10.O-O Re8 11.f4 c4 12.Bxc4 Nc5 13.Qf3 Bg4 14.Qg3 Ncxe4 15.Ncxe4
Nxe4 16.Nxe4 Rxe4 17.Bd3 Qb6+ 18.Kh1 Be2 19.Bxe2 Rxe2 20.f5 Rae8 21.Bf4
Qxb2 22.Rab1 Qxa2 23.Qf3 Qxb1 24.Qxe2 Rxe2 25.Rxb1 Be5 26.Bh6 Ra2 0-1

[Event "11th PKWN Festival it"]
[Site "Lublin POL"]
[Date "1975.07.??"]
[Round "9"]
[White "Stean, Michael Francis"]
[WhiteElo "2370"]
[Black "Barczay, Laszlo"]
[BlackElo "2445"]
[Result "1/2-1/2"]
[EventDate "1975.07.15"]
[PlyCount "80"]

1.e4 c5 2.Nf3 d6 3.d4 Nf6 4.Nc3 cxd4 5.Nxd4 Nc6 6.Be3 e6 7.Be2 Be7 8.O-O
O-O 9.f4 Bd7 10.Nb3 Qc7 11.Bf3 Rfd8 12.g4 d5 13.e5 Ne4 14.Nxe4 dxe4 15.
Bxe4 Nb4 16.Qf3 Bb5 17.Rf2 Nd5 18.Bd4 g6 19.c3 Bc6 20.Raf1 Rd7 21.Nd2 Qd8
22.Qh3 Nb4 23.a3 Rxd4 24.cxd4 Qxd4 25.Bxc6 Nxc6 26.Nb3 Qd5 27.Qf3 Qb5 28.
Kh1 Rd8 29.Rd1 Rxd1+ 30.Qxd1 Qc4 31.Qf3 Qb5 32.g5 h6 33.h4 h5 34.Kg2 Bd8
35.Rd2 Bb6 36.Qd3 Qa4 37.Qf3 Ne7 38.Nc1 Nd5 39.Ne2 Qc6 40.Kh3 Qc4 1/2-1/2

[Event "11th PKWN Festival it"]
[Site "Lublin POL"]
[Date "1975.07.??"]
[Round "10"]
[White "Barczay, Laszlo"]
[WhiteElo "2445"]
[Black "Panchenko, Alexander"]
[BlackElo "2435"]
[Result "1/2-1/2"]
[EventDate "1975.07.15"]
[PlyCount "33"]

1.c4 Nf6 2.g3 c6 3.Nf3 d5 4.b3 Bg4 5.Bg2 e6 6.Bb2 Nbd7 7.O-O Be7 8.d4 O-O
9.Nbd2 a5 10.a3 h6 11.Re1 Bf5 12.Ne5 Qc7 13.Nxd7 Qxd7 14.e4 dxe4 15.Nxe4
Nxe4 16.Bxe4 Bxe4 17.Rxe4 1/2-1/2

[Event "11th PKWN Festival it"]
[Site "Lublin POL"]
[Date "1975.07.??"]
[Round "10"]
[White "Bednarski, Jacek"]
[WhiteElo "2425"]
[Black "Stean, Michael Francis"]
[BlackElo "2370"]
[Result "1/2-1/2"]
[EventDate "1975.07.15"]
[PlyCount "43"]

1.e4 c5 2.Nf3 d6 3.Bb5+ Bd7 4.Bxd7+ Qxd7 5.c4 Nf6 6.Nc3 Nc6 7.d4 cxd4 8.
Nxd4 Qg4 9.O-O Qxd1 10.Rxd1 Nxd4 11.Rxd4 Rc8 12.b3 g6 13.Bb2 Bg7 14.Rd2
O-O 15.Nd5 Nxd5 16.Bxg7 Kxg7 17.Rxd5 Rc7 18.Rad1 Rfc8 19.Rb5 Kf6 20.f4 b6
21.Rbd5 Rc5 22.Kf2 1/2-1/2

[Event "11th PKWN Festival it"]
[Site "Lublin POL"]
[Date "1975.07.??"]
[Round "10"]
[White "Garcia Martinez, Silvino"]
[WhiteElo "2445"]
[Black "Espig, Lutz"]
[BlackElo "2490"]
[Result "1/2-1/2"]
[EventDate "1975.07.15"]
[PlyCount "23"]

1.e4 c5 2.Nf3 e6 3.d4 cxd4 4.Nxd4 Nf6 5.Nc3 d6 6.g3 Be7 7.Bg2 O-O 8.O-O a6
9.a4 Qc7 10.Be3 Nc6 11.Qe2 Bd7 12.Nxc6 1/2-1/2